000
00309nam a2200121Ia 4500
008
190216s9999||||xx |||||||||||||| ||und||
100
_a
Choubey. Pk
245
0
_a
Indian Economic Development: Text Book For Class. Xi
260
_b
Ncrt - Newdelhi
_c
2002
300
_a
192
650
_a
Economics
942
_c
REF
999
_c
36688
_d
36688